| 000 | 00000nam##2200000za#4500 |
| 001 | 9.618416 |
| 003 | CaOODSP |
| 005 | 20210615102811 |
| 007 | ta |
| 008 | 150406|2007||||xxc||||| f|0| 0 eng|d |
| 022 | |a0706-6457 |
| 040 | |aCaOODSP|beng |
| 043 | |an-cn--- |
| 086 | 1 |aFs97-6/2722E |
| 110 | 1 |aCanada. |bDepartment of Fisheries and Oceans. |
| 245 | 10|aEvaluation of bay management area scenarios for the southwestern New Brunswick salmon aquaculture industry : |baquaculture collaborative research and development program - final project report / |cby B.D. Chang ... [et al.] |
| 260 | |aSt. Andrews - New Brunswick : |bFisheries and Oceans Canada |c2007. |
| 300 | |av, 69p. : |bmaps (some coloured), references, tables ; |c28 cm. |
| 490 | 1 |aCanadian technical report of fisheries and aquatic sciences|x0706-6457|v2722 |
| 500 | |a"Science Branch, Maritime Region, Fisheries and Oceans Canada, Biological Station, 531 Brandy Cove Road, St. Andrews, NB E5B 2L9". |
| 520 | 3 |aThis report is part of a series containing scientific and technical information that widens existing scientific knowledge but is not considered appropriate for publication in the primary literature. The research covers such subjects as ecosystem models, methods for enhancing aquaculture, commercial fishing equipment, and environmental threats to aquatic quality and fisheries resources. Includes tables, graphs, and charts. |
| 546 | |a(Résumé en français.) |
| 563 | |aSoftcover |
| 590 | |a07-29|b2007-07-20 |
| 690 | 07|aAtlantic provinces|2gcpds |
| 690 | 07|aSalt water fish|2gcpds |
| 720 | 1 |aChang, B. |
| 776 | 0#|tEvaluation of Bay Management Area scenarios for the southwestern New Brunswick salmon aquaculture industry : |w(CaOODSP)9.574272 |
| 830 | #0|aCanadian technical report of fisheries and aquatic sciences,|x0706-6457|v2722|w(CaOODSP)9.514691 |